Welcome to CU Library Online Public Access Catalogue (OPAC)

Mastering the language of literature / (Record no. 1468)

MARC details
000 -LEADER
fixed length control field 00981cam a2200253 a 4500
001 - CONTROL NUMBER
control field 13327030
005 - DATE AND TIME OF LATEST TRANSACTION
control field 20241122170637.0
008 - FIXED-LENGTH DATA ELEMENTS--GENERAL INFORMATION
fixed length control field 030828s2004 enk b 001 0 eng
020 ## - INTERNATIONAL STANDARD BOOK NUMBER
International Standard Book Number 1403900779 (pbk.)
050 00 - LIBRARY OF CONGRESS CALL NUMBER
Classification number PE1421
Item number .H39 2004
082 00 - DEWEY DECIMAL CLASSIFICATION NUMBER
Classification number 820.9
Edition information 22
100 1# - MAIN ENTRY--PERSONAL NAME
Personal name Hebron, Malcolm.
245 10 - TITLE STATEMENT
Title Mastering the language of literature /
Statement of responsibility, etc. Malcolm Hebron.
260 ## - PUBLICATION, DISTRIBUTION, ETC.
Place of publication, distribution, etc. Houndmills, Basingstoke, Hampshire ;
-- New York :
Name of publisher, distributor, etc. Palgrave Macmillan,
Date of publication, distribution, etc. 2004.
300 ## - PHYSICAL DESCRIPTION
Extent viii, 200 p. ;
Dimensions 24 cm.
440 #0 - SERIES STATEMENT/ADDED ENTRY--TITLE
Title Palgrave master series
650 #0 - SUBJECT ADDED ENTRY--TOPICAL TERM
Topical term or geographic name entry element English language
General subdivision Style.
650 #0 - SUBJECT ADDED ENTRY--TOPICAL TERM
Topical term or geographic name entry element English literature
General subdivision History and criticism.
650 #0 - SUBJECT ADDED ENTRY--TOPICAL TERM
Topical term or geographic name entry element Literary style.
856 42 - ELECTRONIC LOCATION AND ACCESS
Materials specified Contributor biographical information
Uniform Resource Identifier <a href="http://www.loc.gov/catdir/bios/hol053/2003055879.html">http://www.loc.gov/catdir/bios/hol053/2003055879.html</a>
856 42 - ELECTRONIC LOCATION AND ACCESS
Materials specified Publisher description
Uniform Resource Identifier <a href="http://www.loc.gov/catdir/description/hol041/2003055879.html">http://www.loc.gov/catdir/description/hol041/2003055879.html</a>
856 41 - ELECTRONIC LOCATION AND ACCESS
Materials specified Table of contents
Uniform Resource Identifier <a href="http://www.loc.gov/catdir/toc/hol041/2003055879.html">http://www.loc.gov/catdir/toc/hol041/2003055879.html</a>
942 ## - ADDED ENTRY ELEMENTS (KOHA)
Source of classification or shelving scheme Library of Congress Classification
Koha item type Books
Suppress in OPAC No
999 ## -
-- 1468
-- 1468
Holdings
Withdrawn status Lost status Source of classification or shelving scheme Damaged status Not for loan Collection Home library Current library Shelving location Date acquired Total checkouts Full call number Barcode Date last seen Copy number Price effective from Koha item type
    Library of Congress Classification     Non-fiction Undergraduate Library (Christ Temple) Undergraduate Library (Christ Temple) General stacks 11/22/2024   PE142.1.H39 HEB ulct00000356 11/22/2024 1 11/22/2024 Books
© 2023-2024 Copyright: Central University Libraries. All Rights Reserved | Created by: Mahone Tech Office